Pozdrav z Oravy pohľad na Roháče, Oravské múzeum, Chata Zverovka, Oravský skanzen

Zobrazenie:

Bibliographic Details
Other Authors: Šmátrala, Milan (fotograf) (Photographer), Šmátralová, Vlasta (fotografka) (Photographer)
Format: Photo
Language:Slovak
PhysicalDescription:1 pohľadnica (4 čiastkové pohľady) farebná 15 x 11 cm
Published: Bratislava Danubiapress 1994
Subjects:

MARC

LEADER 00000ckm a2200000 a 4500
001 vtls001248062
003 SK-MaSNL
005 20260331203325.0
007 kf co
008 160414s1994 xo g 0kuslo
015 |a SNBG1994 
035 |a SNK000198881 
040 |a SNK  |b slo  |c SNK  |e AACR2 
041 0 |a slo 
043 |a e-xo--- 
044 |a xo  |c SK 
080 |a 913(437.6)  |2 2011 
080 |a 908(437.6)  |2 2011 
080 |a (084.121)  |2 2011 
080 |a 908.437.646(084.121)  |2 1981 
100 1 |a Šmátrala, Milan  |c (fotograf)  |4 pht  |9 164919 
245 1 0 |a Pozdrav z Oravy  |h grafika  |b pohľad na Roháče, Oravské múzeum, Chata Zverovka, Oravský skanzen  |c foto: Milan Šmátrala, Vlasta Šmátralová 
246 1 |i Názov na obrazovej časti:  |a Pozdrav z Oravy 
260 |a Bratislava  |b Danubiapress  |c 1994 
300 |a 1 pohľadnica (4 čiastkové pohľady)  |b farebná  |c 15 x 11 cm 
520 8 |a Zobrazenie: 
651 7 |a Orava (Slovensko : región)  |2 SNKPHgeo  |9 116635 
655 7 |a geografické pohľadnice  |2 SNKPH  |9 70522 
655 7 |a miestne pohľadnice  |2 SNKPH  |9 70510 
700 1 |a Šmátralová, Vlasta  |c (fotografka)  |4 pht  |9 283285 
958 |a GBN 
958 |a GC 
958 |a OND 
999 |c 1124713  |d 1126643 
952 |a SNK  |b SNK  |y PREZ  |7 0  |p 17A1407398  |o snkSP 147303  |i snkPV 96/94  |0 0  |1 0  |4 0  |d 2022-02-23  |l 0  |r 2026-02-24 18:42:42  |w 2026-02-24 
952 |a SNK  |b SNK  |y PREZ  |7 0  |p 17A1407482  |o snkSP 147303 D1  |i snkPV 97/94  |0 0  |1 0  |4 0  |d 2022-02-23  |l 0  |r 2026-02-24 18:42:42  |w 2026-02-24